El viaje de Lisa / (Record no. 127892)

MARC details
000 -CABECERA
campo de control de longitud fija 00750nam a2200229 u 4500
005 - FECHA Y HORA DE LA ÚLTIMA TRANSACCIÓN
campo de control 20220920063626.0
008 - ELEMENTOS DE LONGITUD FIJA--INFORMACIÓN GENERAL
campo de control de longitud fija 080507s2004 mx r 000 0 spa d
020 ## - NÚMERO INTERNACIONAL NORMALIZADO PARA LIBROS
Número Internacional Estándar del Libro 9681674529
035 ## - NÚMERO DE CONTROL DEL SISTEMA
Número de control de sistema UPN01000155778
049 ## - COLECCIÓN
Colección I
050 #4 - SIGNATURA TOPOGRÁFICA DE LA BIBLIOTECA DEL CONGRESO
Número de clasificación PZ71
Número de documento/Ítem M3.84
100 1# - ASIENTO PRINCIPAL--NOMBRE PERSONAL
Nombre de persona Maar, Paul,
Fechas asociadas al nombre 1937-
9 (RLIN) 33366
245 13 - MENCIÓN DE TÍTULO
Título El viaje de Lisa /
Mención de responsabilidad, etc. Paul Maar ; tr. Pablo Martínez Lozada ; il. Kestutis Kasparavicius.
260 ## - PUBLICACIÓN, DISTRIBUCIÓN, ETC.
Lugar de publicación, distribución, etc. México :
Nombre del editor, distribuidor, etc. FCE,
Fecha de publicación, distribución, etc. 2004.
300 ## - DESCRIPCIÓN FÍSICA
Extensión [25] p. :
Otras características físicas principalmente il. col.
440 #4 - MENCIÓN DE SERIE/ASIENTO SECUNDARIO--TÍTULO
Título Los especiales de A la orilla del viento
534 ## - NOTA SOBRE LA VERSIÓN ORIGINAL
Frase introductoria Título original :
Mención de título del original Lisas Reise
650 #0 - ASIENTO SECUNDARIO DE MATERIA - TERMINO TEMATICO
Término de materia o nombre geográfico como elemento de entrada Literatura infantil alemana
9 (RLIN) 9171
650 #0 - ASIENTO SECUNDARIO DE MATERIA - TERMINO TEMATICO
Término de materia o nombre geográfico como elemento de entrada Sueños
9 (RLIN) 1571
700 1# - ASIENTO SECUNDARIO--NOMBRE DE PERSONAL
Nombre de persona Kasparavicius, Kestutis,
Fechas asociadas al nombre 1954-
Término indicativo de función/relación il.
9 (RLIN) 33365
905 ## - TIPO DE MATERIAL
Tipo de material Infantil
Holdings
Estado de retiro Estado de pérdida Fuente del sistema de clasificación o colocación Estado dañado No para préstamo Código de colección Localización permanente Ubicación/localización actual Ubicación en estantería Fecha de adquisición Total de préstamos Clasificación Código de barras Fecha visto por última vez Número de copia Tipo de ítem Koha
    Library of Congress Classification     Infantil Bib. Gregorio Torres Quintero Bib. Gregorio Torres Quintero Sala infantil Planta baja 10/05/2023 3 PZ71 M3.84 258945 31/12/2020 1 Libro